<?xml version="1.0" encoding="UTF-8"?>
<record
    xmlns:xsi="http://www.w3.org/2001/XMLSchema-instance"
    xsi:schemaLocation="http://www.loc.gov/MARC21/slim http://www.loc.gov/standards/marcxml/schema/MARC21slim.xsd"
    xmlns="http://www.loc.gov/MARC21/slim">

  <leader>04524cam a2200385 a 4500</leader>
  <controlfield tag="001">548763</controlfield>
  <controlfield tag="003">OSt</controlfield>
  <controlfield tag="005">20210414114445.0</controlfield>
  <controlfield tag="008">880705s1989    enka     b    001 0 eng  </controlfield>
  <datafield tag="010" ind1=" " ind2=" ">
    <subfield code="a">   88023208 </subfield>
  </datafield>
  <datafield tag="020" ind1=" " ind2=" ">
    <subfield code="a">0521362571</subfield>
  </datafield>
  <datafield tag="020" ind1=" " ind2=" ">
    <subfield code="a">0521317673 (pbk.)</subfield>
  </datafield>
  <datafield tag="040" ind1=" " ind2=" ">
    <subfield code="a">DLC</subfield>
    <subfield code="c">DLC</subfield>
    <subfield code="d">DLC</subfield>
  </datafield>
  <datafield tag="043" ind1=" " ind2=" ">
    <subfield code="a">e-uk---</subfield>
  </datafield>
  <datafield tag="050" ind1="0" ind2="0">
    <subfield code="a">KD7100.J3 </subfield>
  </datafield>
  <datafield tag="082" ind1="0" ind2="0">
    <subfield code="a">347.41/01</subfield>
    <subfield code="a">344.1071</subfield>
    <subfield code="2">19</subfield>
  </datafield>
  <datafield tag="100" ind1="1" ind2=" ">
    <subfield code="a">Jackson, R. M.</subfield>
    <subfield code="q">(Richard Meredith),</subfield>
    <subfield code="d">1903-</subfield>
  </datafield>
  <datafield tag="240" ind1="1" ind2="0">
    <subfield code="a">Machinery of justice</subfield>
  </datafield>
  <datafield tag="245" ind1="1" ind2="0">
    <subfield code="a">Jackson's machinery of justice /</subfield>
    <subfield code="c">edited by J.R. Spencer.</subfield>
  </datafield>
  <datafield tag="260" ind1=" " ind2=" ">
    <subfield code="a">Cambridge ;</subfield>
    <subfield code="a">New York :</subfield>
    <subfield code="b">Cambridge University Press,</subfield>
    <subfield code="c">1989.</subfield>
  </datafield>
  <datafield tag="300" ind1=" " ind2=" ">
    <subfield code="a">xvi, 543 p. :</subfield>
    <subfield code="b">ill. ;</subfield>
    <subfield code="c">23 cm.</subfield>
  </datafield>
  <datafield tag="500" ind1=" " ind2=" ">
    <subfield code="a">"Eighth edition"--Pref.</subfield>
  </datafield>
  <datafield tag="500" ind1=" " ind2=" ">
    <subfield code="a">Rev. ed. of: The machinery of justice in England. 7th ed. 1977.</subfield>
  </datafield>
  <datafield tag="504" ind1=" " ind2=" ">
    <subfield code="a">Includes bibliographical references and index.</subfield>
  </datafield>
  <datafield tag="505" ind1=" " ind2=" ">
    <subfield code="a">Contents: Historical introduction: The Courts -- The Common law -- Trial at common law -- Civil jurisdiction: Civil law and criminal law -- County courts -- The High court: The Queen's bench division -- Ordinary civil actions -- Commercial cases: The commercial court -- The Admiralty court -- Appellate jurisdiction -- Supervisory jurisdiction -- The Chancery -- The family division -- The mode of trial -- Complaints about the civil courts -- The Enforcement of judgements and orders -- The Civil division of the court of appeal and the house of lords -- The Judicial committee of the privy council -- Arbitration -- Tribunals: The Creation of tribunals -- The Franks committee -- Tribunals today: Adjudication under the social security system -- The National health service -- Mental health review tribunals -- Industrial tribunals and the employment appeal tribunal -- Immigration appeals -- Rent tribunals and rent assessment committees -- The Lands tribunal -- Tax commissioners -- Professional and other organisations -- The Restrictive practices court -- Royal commissions and committees of inquiry -- The Distinction between ministers' decisions, tribunals and law courts -- Control by the law courts -- The Parliamentary commissioner for administration -- Criminal jurisdiction: Courts with original jurisdiction: The Crown court -- Magistrates' courts -- Coroners' courts -- Courts with appellete criminal jurisdiction -- The Process of prosecution: Investigation and interrogations: The Police -- The Crown prosecution service -- The Decision to prosecute -- The Position of the defendant -- Legal advice and representation -- Knowing the case that must be met -- Bail -- Criminal procedure: Guilty pleas-plea bargaining -- The Rules of criminal evidence -- The Place of the victim -- The Process of sentencing(including probation) -- Juvenile courts -- The Matrimonial jurisdiction of magistrates - The Domestic court -- Solicitors -- Barristers -- Legal education -- Should the profession continue to be divided into barristers and solicitors? -- Judges -- Juries -- Lay justices and stipendiary magistrates: The appointment of justices -- The Training of justices -- The Retirement and removal of justices -- Stipendiary magistrates -- Justices' clerks and court clerks -- The Magistrates' association -- The Administration of the courts -- The European dimension: The european convention on human rights -- The European economic community -- The Impact of Europe on the English legal system -- The Cost of the law: The finances of the law courts -- Costs -- Legal aid: Legal advice and assistance -- Legal aid for proceedings in civil courts -- Legal aid in criminal proceedings -- The Duty solicitor scheme -- Legal prospects for legal aid -- Law reform: The process of law reform -- The Minister responsible -- Deciding what needs to be done -- Getting the proposals enacted -- Appendix A: The report of the civil justice review -- Tables of cases cited -- Table of statutes cited -- Table of stationery office publications cited.</subfield>
  </datafield>
  <datafield tag="650" ind1=" " ind2="0">
    <subfield code="a">Courts</subfield>
    <subfield code="z">Great Britain.</subfield>
  </datafield>
  <datafield tag="650" ind1=" " ind2="0">
    <subfield code="a">Justice, Administration of</subfield>
    <subfield code="z">Great Britain.</subfield>
  </datafield>
  <datafield tag="700" ind1="1" ind2=" ">
    <subfield code="a">Spencer, John R.,</subfield>
    <subfield code="c">LL.B.</subfield>
  </datafield>
  <datafield tag="700" ind1="1" ind2=" ">
    <subfield code="a">Jackson, R. M.</subfield>
    <subfield code="q">(Richard Meredith),</subfield>
    <subfield code="d">1903-</subfield>
    <subfield code="t">Machinery of justice in England.</subfield>
  </datafield>
  <datafield tag="856" ind1="4" ind2="2">
    <subfield code="3">Publisher description</subfield>
    <subfield code="u">http://www.loc.gov/catdir/description/cam023/88023208.html</subfield>
  </datafield>
  <datafield tag="856" ind1="4" ind2="1">
    <subfield code="3">Table of contents</subfield>
    <subfield code="u">http://www.loc.gov/catdir/toc/cam028/88023208.html</subfield>
  </datafield>
  <datafield tag="906" ind1=" " ind2=" ">
    <subfield code="a">7</subfield>
    <subfield code="b">cbc</subfield>
    <subfield code="c">orignew</subfield>
    <subfield code="d">1</subfield>
    <subfield code="e">ocip</subfield>
    <subfield code="f">19</subfield>
    <subfield code="g">y-gencatlg</subfield>
  </datafield>
  <datafield tag="942" ind1=" " ind2=" ">
    <subfield code="2">lcc</subfield>
    <subfield code="c">BK</subfield>
  </datafield>
  <datafield tag="999" ind1=" " ind2=" ">
    <subfield code="c">5485</subfield>
    <subfield code="d">12985</subfield>
  </datafield>
  <datafield tag="952" ind1=" " ind2=" ">
    <subfield code="0">0</subfield>
    <subfield code="1">0</subfield>
    <subfield code="2">lcc</subfield>
    <subfield code="4">0</subfield>
    <subfield code="7">0</subfield>
    <subfield code="a">WIUC-1</subfield>
    <subfield code="b">WIUC-1</subfield>
    <subfield code="c">LL</subfield>
    <subfield code="d">2015-05-13</subfield>
    <subfield code="l">0</subfield>
    <subfield code="o">KD7100.J3  .J3 </subfield>
    <subfield code="p">070/15</subfield>
    <subfield code="r">2015-05-13 00:00:00</subfield>
    <subfield code="w">2015-05-13</subfield>
    <subfield code="y">BK</subfield>
  </datafield>
</record>
